UITU Library & LRC     

World Development Report 2004 Making services work for poor people (Record no. 8111)

MARC details
000 -LEADER
fixed length control field 00481nam a2200181Ia 4500
008 - FIXED-LENGTH DATA ELEMENTS--GENERAL INFORMATION
fixed length control field 240925s9999 xx 000 0 und d
020 ## - INTERNATIONAL STANDARD BOOK NUMBER
International Standard Book Number 082135468X
082 ## - DEWEY DECIMAL CLASSIFICATION NUMBER
Classification number 332.15305 WOR
100 ## - MAIN ENTRY--PERSONAL NAME
Personal name World Bank
245 #0 - TITLE STATEMENT
Title World Development Report 2004 Making services work for poor people
250 ## - EDITION STATEMENT
Edition statement NA
260 ## - PUBLICATION, DISTRIBUTION, ETC.
Place of publication, distribution, etc. Oxford:
Name of publisher, distributor, etc. Oxford University
Date of publication, distribution, etc. ,2005.
300 ## - PHYSICAL DESCRIPTION
Extent 944p.
Other physical details NA
Type of unit Original
500 ## - GENERAL NOTE
General note NA
600 ## - SUBJECT ADDED ENTRY--PERSONAL NAME
Personal name Social Sciences
650 ## - SUBJECT ADDED ENTRY--TOPICAL TERM
Topical term or geographic name entry element Social Sciences
942 ## - ADDED ENTRY ELEMENTS (KOHA)
Koha item type Books
Holdings
Withdrawn status Lost status Damaged status Not for loan Collection Home library Current library Date acquired Source of acquisition Cost, normal purchase price Total checkouts Full call number Barcode Date last seen Price effective from Koha item type
        Social Sciences UITU Library UITU Library 04/06/2004 M.S.M 450.00   332.15305 WOR Q5612 09/25/2024 09/25/2024 Books

Powered by Koha